Catálogo

MEXICO ANTE LA CRISIS QUE CAMBIO AL MUNDO : (Registro nro. 55583)

Detalles MARC
000 -LEADER
fixed length control field 01077nam a2200169 a 4500
001 - CONTROL NUMBER
control field 55583
005 - DATE AND TIME OF LATEST TRANSACTION
control field 20180714050942.0
008 - FIXED-LENGTH DATA ELEMENTS--GENERAL INFORMATION
fixed length control field 140415s2009 mx 000 0 spa d
041 ## - LANGUAGE CODE
Language code of text/sound track or separate title spa
082 ## - DEWEY DECIMAL CLASSIFICATION NUMBER
Classification number 338.972
Item number MEX
245 00 - TITLE STATEMENT
Title MEXICO ANTE LA CRISIS QUE CAMBIO AL MUNDO :
Remainder of title COMPETITIVIDAD INTERNACIONAL 2009
250 ## - EDITION STATEMENT
Edition statement 1a ed.
260 ## - PUBLICATION, DISTRIBUTION, ETC.
Place of publication, distribution, etc. MEXICO :
Name of publisher, distributor, etc. INSTITUTO MEXICANO PARA LA COMPETITIVIDAD A.C.,
Date of publication, distribution, etc. 2009
300 ## - PHYSICAL DESCRIPTION
Extent 718
Dimensions 21.5 x 1.6 x 28
520 ## - SUMMARY, ETC.
Summary, etc. LA CRISIS ACTUAL CAMBIO AL MUNDO. LAS REGLAS DE LA ECONOMIA GLOBAL SON DISTINTAS; EL CAMBGIO EN LOS PATRONES DE CONSUMO DE LA SOCIEDAD ESTADOUNIDENSE AFECTARA A MEXICO POR MAS DE 10 AÑOS EN ALGUNOS SECTORES. ANTE ESTA REALIDAD Y FRENTE A LA CRISIS FISCAL QUE YA AFRONTA MEXICO, URGE ACTUAR PARA TRANSFORMAR DE FONDO AL PAIS. EL TIEMPO SE NOS ACABA Y ESTA PODRIA SER LA ULTIMA OPORTUN IDAD ANTES DE CONVERTIRNOS EN UN PAIS DE VIEJOS POBRES, LO QUE NOS CONDENARIA IRREMEDIABLEMENTE AL SUBDESA
650 14 - SUBJECT ADDED ENTRY--TOPICAL TERM
Topical term or geographic name entry element COMPETENCIA ECONOMICA INTERNACIONAL
General subdivision CRISIS ECONOMICA
-- MEXICO
-- MEXICO CONDICIONES ECONOMICAS
Existencias
Withdrawn status Lost status Source of classification or shelving scheme Damaged status Not for loan Collection code Home library Current library Shelving location Date acquired Source of acquisition Inventory number Total Checkouts Total Renewals Full call number Barcode Date last seen Date last checked out Price effective from Koha item type
    Dewey Decimal Classification     General Biblioteca Karol Wojtyla Biblioteca Karol Wojtyla Sala general 03/12/2013 Compra 151000000000000000051229 3 1 338.972 MEX 83388 05/01/2026 27/09/2018 03/12/2013 Libro